Hacker"s Guide to Visual Basic [Đĩa mềm] /
Spremljeno u:
| Glavni autor: | |
|---|---|
| Daljnji autori: | |
| Format: | CD |
| Jezik: | English |
| Izdano: |
Reading, Massachusetts :
Addison-Wesley ,
1996
|
| Oznake: |
Dodaj oznaku
Bez oznaka, Budi prvi tko označuje ovaj zapis!
|
| Thư viện lưu trữ: | Thư viện Trường Đại học Đà Lạt |
|---|
| LEADER | 00733nam a2200277 4500 | ||
|---|---|---|---|
| 001 | DLU030024558 | ||
| 005 | ##199917 | ||
| 020 | # | # | |a 0201442019 |
| 041 | # | # | |a eng |
| 082 | # | # | |a 005.265 |b CH-V |
| 090 | # | # | |a 005.265 |b CH-V |
| 100 | # | # | |a Chen, Vincent |
| 245 | # | # | |a Hacker"s Guide to Visual Basic [Đĩa mềm] / |c Chen Vincent, Montgomery John |
| 260 | # | # | |a Reading, Massachusetts : |b Addison-Wesley , |c 1996 |
| 300 | # | # | |a 1 đĩa mềm 3 1/2 in. |
| 500 | # | # | |a Tên sách: Hacker"s Guide to Visual Basic |
| 700 | # | # | |a Montgomery, John |
| 992 | # | # | |a 305000 |
| 994 | # | # | |a DLU |
| 900 | # | # | |a True |
| 911 | # | # | |a Lê Nguyên Khang |
| 925 | # | # | |a BT |
| 926 | # | # | |a A |
| 927 | # | # | |a CD |
| 980 | # | # | |a Thư viện Trường Đại học Đà Lạt |


